000 00965nam a22002297a 4500
003 OSt
005 20210202153850.0
008 210202b ||||| |||| 00| 0 spa d
020 _a9781465478726
040 _cCO-MqBPB
082 _2800
_aA54l
100 _aAtkinson, Sam
_eEditor
245 3 _aEl libro de la literatura:
_bgrandes ideas, explicaciones sencillas
_cSan Atkinson
260 _aChina,
_bPenguin Random House,
_c2016
300 _a352 pag.
_bTapa Dura.
_c23 cm.
500 _aCon un lenguaje claro, sencillos esquemas e ingeniosas ilustraciones, el libro de la literatura es el manual perfecto para introducirse en la historia de la literatura universal, desde las epopeyas antiguas como la Iliada o el Mahabharata hasta la obra de autores contemporáneos como Gabriel García Márquez o Margaret Atwood.
650 _2Literatura Universal
650 _2Héroes y leyendas
650 _2Renacimiento
650 _2ilustración
942 _2ddc
_cBK
999 _c12968
_d12968